MARC details
| 000 -CABECERA |
| campo de control de longitud fija |
00792cam a22002534a 4500 |
| 003 - IDENTIFICADOR DEL NÚMERO DE CONTROL |
| campo de control |
UPN |
| 005 - FECHA Y HORA DE LA ÚLTIMA TRANSACCIÓN |
| campo de control |
20220804081801.0 |
| 008 - ELEMENTOS DE LONGITUD FIJA--INFORMACIÓN GENERAL |
| campo de control de longitud fija |
130311s2001 es a r 000 f spa d |
| 020 ## - NÚMERO INTERNACIONAL NORMALIZADO PARA LIBROS |
| Número Internacional Estándar del Libro |
8431659440 (10 dígitos) |
| 020 ## - NÚMERO INTERNACIONAL NORMALIZADO PARA LIBROS |
| Número Internacional Estándar del Libro |
9788431659448 (13 dígitos) |
| 035 ## - NÚMERO DE CONTROL DEL SISTEMA |
| Número de control de sistema |
UPN01000190177 |
| 040 ## - FUENTE DE LA CATALOGACIÓN |
| Centro catalogador/agencia de origen |
UPN |
| Lengua de catalogación |
spa |
| Centro/agencia transcriptor |
UPN |
| 049 ## - COLECCIÓN |
| Colección |
CG |
| 050 #4 - SIGNATURA TOPOGRÁFICA DE LA BIBLIOTECA DEL CONGRESO |
| Número de clasificación |
PR4854 |
| Número de documento/Ítem |
A9.3 |
| 100 1# - ASIENTO PRINCIPAL--NOMBRE PERSONAL |
| Nombre de persona |
Kipling, Rudyard, |
| Fechas asociadas al nombre |
1864-1936 |
| 9 (RLIN) |
28832 |
| 245 14 - MENCIÓN DE TÍTULO |
| Título |
Las aventuras de Mowgli / |
| Mención de responsabilidad, etc. |
Rudyard Kipling ; il. Inga Moore ; tr. José Luis López Muñoz. |
| 260 ## - PUBLICACIÓN, DISTRIBUCIÓN, ETC. |
| Lugar de publicación, distribución, etc. |
Barcelona, Esp. : |
| Nombre del editor, distribuidor, etc. |
Vicens Vives, |
| Fecha de publicación, distribución, etc. |
2001 (2008 impr.). |
| 300 ## - DESCRIPCIÓN FÍSICA |
| Extensión |
143 p. : |
| Otras características físicas |
il. col. |
| 490 0# - MENCIÓN DE SERIE |
| Mención de serie |
Cucaña ; |
| Designación de volumen o secuencia |
14 |
| 650 #0 - ASIENTO SECUNDARIO DE MATERIA - TERMINO TEMATICO |
| Término de materia o nombre geográfico como elemento de entrada |
Literatura juvenil inglesa |
| 9 (RLIN) |
12778 |
| 650 #7 - ASIENTO SECUNDARIO DE MATERIA - TERMINO TEMATICO |
| Término de materia o nombre geográfico como elemento de entrada |
Animales en la literatura |
| Fuente del encabezamiento o término |
|
| 9 (RLIN) |
1055 |
| 905 ## - TIPO DE MATERIAL |
| Tipo de material |
Libro |
| 942 ## - ELEMENTOS DE PUNTO DE ACCESO ADICIONAL (KOHA) |
| Fuente del sistema de clasificación o colocación |
Library of Congress Classification |
| Tipo de ítem Koha |
Libro |